[Event "33rd ECCC Open 2017"]
[Site "Antalya"]
[Date "2017.10.13"]
[Round "5"]
[White "Najer, Evgeniy"]
[Black "Harikrishna, P."]
[Result "1/2-1/2"]
[WhiteElo "2699"]
[BlackElo "2733"]
[Annotator "TA"]
[PlyCount "94"]
[EventType "team-tourn"]
[EventCountry "TUR"]
[SourceTitle "playchess.com"]
[Source "ChessBase"]
[SourceQuality "1"]
[WhiteTeam "Legacy Square Capital"]
[BlackTeam "Novy Bor"]

{[%evp 24,94,12,0,14,0,0,0,52,28,42,0,0,0,0,-7,0,0,21,-26,81,0,92,118,101,97,82,0,121,115,149,135,122,120,116,121,122,121,116,79,80,75,77,56,120,50,56,61,80,76,80,57,81,-430,-427,-418,-421,-429,0,-103,0,-425,-419,-312,-8,-8,0,-356,0,-8,0,-312,0]} 1. e4 e6 2. d4 d5 3. Nc3 Bb4 4. e5 c5 5. a3 Bxc3+ 6. bxc3 Qa5 7. Bd2 Qa4 8. Qg4 Kf8 9. Qd1 {C18: Französische Verteidigung (Nimzowitsch-Variante)} (9. Nf3 b6 10. c4 Ne7 11. Bd3 dxc4 12. dxc5 bxc5 13. Ng5 h6 14. Nh7+ Rxh7 15. Bxh7 Bb7 16. O-O Nbc6 {1-0 (29) Caruana,F (2817)-Naroditsky,D (2646) Saint Louis 2017}) 9... b6 10. dxc5 bxc5 11. c4 Ba6 12. cxd5 Bxf1 13. Kxf1 {LiveBook: 4 Partien. Und weiter mit Le3 wäre nett.} exd5 14. Nf3 Nd7 {[#]} 15. h4 $146 ({Vorgänger:} 15. g3 Re8 16. Kg2 f6 {½-½ (30) Silva,A (2550)-Schwenteck,C (2508) ICCF email 2012}) 15... h5 (15... Qc6 $11) 16. Rb1 Ne7 17. Bg5 {zielt auf Lxe7+ ab.} f6 18. exf6 gxf6 19. Bc1 ({Bitte nicht} 19. Qe2 fxg5 20. hxg5 Rh7 $17) 19... Kf7 20. Rh3 Rag8 21. Qe2 Nb6 (21... Rg4 $11) 22. Rb5 (22. Ng5+ $1 $16 fxg5 23. Rf3+ Ke8 24. Bxg5) 22... Qg4 (22... Rc8 $1 $11 {hält das Gleichgewicht.}) 23. Rg3 $16 Qc8 24. Rxg8 Rxg8 25. Qd3 (25. Ra5 $16) 25... Rg6 (25... Qg4 $11 26. Bg5 Kf8) 26. Bf4 Nc4 27. g3 Rg7 28. Kg2 a6 29. Rb8 Qf5 30. Qxf5 Nxf5 31. Rc8 Nd4 32. Nxd4 cxd4 {[%mdl 4096] Endspiel KTL-KTS} 33. a4 Kg6 ({Günstiger ist} 33... Ke6 $14) 34. Kf3 (34. Rd8 $16) 34... Ne5+ $14 35. Ke2 Kf5 36. Rh8 Kg4 37. Rh6 Re7 38. Kf1 $2 {[%mdl 8192] [#]} (38. Bxe5 $1 $16 {hält den Druck.} Rxe5+ 39. Kd3) 38... Nf3 $1 $19 {( -> ...Te1+)} 39. Kg2 Ne1+ 40. Kf1 Nf3 $2 (40... Re6 $19 {ist viel giftiger.} 41. Bd2 Nxc2) 41. Kg2 $17 {[#]} Ne1+ $2 {[%mdl 8192]} (41... Re6 $1 $17 42. Rg6+ Kf5) 42. Kf1 $19 Re6 43. Rh8 Nf3 $2 (43... Nxc2 $19 {Droht ...d3 und aus.} 44. Bd2 d3) 44. Kg2 $1 $11 Ne1+ $2 {[%mdl 8192]} (44... Nxh4+ $11 45. gxh4 Kxf4 46. Rxh5 f5) 45. Kf1 $19 Nf3 $2 (45... Nxc2 $19 46. Rb8 Ne1) 46. Kg2 $1 $11 {Und Tg8+ würde nun gewinnen.} Ne1+ $2 {[%mdl 8192]} (46... Nxh4+ $11 47. gxh4 Kxf4 48. Rxh5 f5) 47. Kf1 $19 Nf3 $2 {Precision: Weiß = 50%, Schwarz = 29%.} ({Lieber} 47... Nxc2 $19 48. Bd2 d3) 1/2-1/2

[Event "33rd ECCC Open 2017"]
[Site "Antalya"]
[Date "2017.10.13"]
[Round "5"]
[White "Rodshtein, Maxim"]
[Black "Wiersma, Eelke"]
[Result "1-0"]
[WhiteElo "2699"]
[BlackElo "2341"]
[Annotator "TA"]
[PlyCount "65"]
[EventType "team-tourn"]
[EventCountry "TUR"]
[SourceTitle "playchess.com"]
[Source "ChessBase"]
[SourceQuality "1"]
[WhiteTeam "Mednyi Vsadnik"]
[BlackTeam "Leiden"]

{[%evp 21,65,16,32,34,51,42,51,57,119,116,106,102,106,113,157,149,149,148,167,169,175,157,140,152,181,157,173,189,216,223,223,145,127,124,193,169,210,208,218,212,602,593,646,659,650,648]} 1. d4 Nf6 2. c4 e6 3. Nc3 d5 4. cxd5 exd5 5. Bg5 Be7 6. e3 h6 7. Bh4 O-O 8. Bd3 b6 9. Nge2 Bb7 10. O-O Nbd7 {D35: Queen's Gambit Declined: Exchange Variation} 11. Rc1 c5 {LiveBook: 11 Games} 12. Bf5 (12. Bb1 c4 13. f3 Re8 14. Bf2 a6 15. g4 b5 16. Nf4 Nf8 17. Kh1 Bd6 18. Nce2 {1-0 (32) Sandipan,C (2575)-Wiersma,E (2352) Dieren 2017}) 12... Re8 {White is slightly better.} 13. Qc2 c4 14. b3 a6 $146 (14... Ba6 $14) ({Predecessor:} 14... Ba6 15. bxc4 Bxc4 16. a4 a6 17. Rb1 Rb8 18. Rfc1 {0-1 (54) Bennborn,J (2178)-Carson,T ICCF email 1999}) 15. a4 $16 Nf8 16. bxc4 dxc4 17. Rb1 g6 18. Bxf6 $1 Bxf6 19. Be4 Rb8 20. Bxb7 Rxb7 21. Rb4 {[%cal Bb1b4,Bb4c4,Bc4c6][%mdl 32]} Be7 22. Rxc4 b5 {[#]} 23. Rc6 $1 b4 24. Ne4 b3 25. Qc4 a5 26. N2c3 Rb4 27. Qd5 b2 {[#] And now ...Qxd5 would win.} 28. Rb1 $1 Qxd5 29. Nxd5 Rxa4 30. Rc2 Rb8 $2 (30... Ra1 31. Rcxb2 Rxb1+ 32. Rxb1 Kg7) 31. Nec3 {White is clearly winning.} Ra1 {aiming for ...Ba3.} 32. Nxe7+ Kg7 {[#]} 33. Rcxb2 $1 {[%mdl 512] Precision: White = 96%, Black = 42%.} 1-0

[Event "33rd ECCC Open 2017"]
[Site "Antalya"]
[Date "2017.10.12"]
[Round "5"]
[White "Kryvoruchko, Yuriy"]
[Black "Mogranzini, Roberto"]
[Result "1-0"]
[WhiteElo "2692"]
[BlackElo "2501"]
[Annotator "TA"]
[PlyCount "57"]
[EventType "team-tourn"]
[EventCountry "TUR"]
[SourceTitle "playchess.com"]
[Source "ChessBase"]
[SourceQuality "1"]
[WhiteTeam "Alkaloid"]
[BlackTeam "Padova"]

{[%evp 15,57,14,20,17,19,-3,28,9,10,9,9,9,9,6,20,8,13,18,20,-10,39,20,29,12,25,12,20,18,34,18,127,124,164,94,58,10,60,83,953,889,29991,29992,29992,29993]} 1. e4 c5 2. Nf3 Nc6 3. d4 cxd4 4. Nxd4 e6 5. Nc3 Qc7 6. Be3 a6 7. Qf3 {B48: Sizilianisch (Paulsen-Variante)} (7. a3 Nf6 8. f4 d6 9. Qf3 Nxd4 10. Bxd4 b5 11. Bd3 Bb7 12. Bxf6 gxf6 13. f5 Be7 14. O-O Qc5+ 15. Kh1 h5 16. fxe6 fxe6 17. a4 {1-0 (32) Grischuk,A (2783)-Cori Tello,J (2641) Tbilisi 2017}) 7... d6 8. O-O-O Bd7 {LiveBook: 27 Partien} 9. Nxc6 {Die Stellung ist ausgeglichen.} Bxc6 10. g4 {[%cal Bg2g4,Bg4g5][%mdl 32]} Rc8 11. Bd3 $146 ({Vorgänger:} 11. g5 Ne7 12. Kb1 b5 13. Bd3 Ng6 14. Nd5 exd5 15. exd5 {0-1 (40) Narayanan,S (2474)-Rathnakaran,K (2407) Bhopal 2017}) 11... Nf6 {[%cal Bg8f6,Bf6d7,Bd7e5,Be5d3][%mdl 32]} 12. g5 Nd7 13. Qh3 Ne5 14. Kb1 b5 15. f4 Nxd3 16. cxd3 Be7 17. Rc1 O-O 18. f5 exf5 19. Qxf5 {Droht Sd5 und aus.} g6 20. Qf3 Qd7 21. h4 {[%cal Bh2h4,Bh4h5][%mdl 32]} f5 22. Nd5 $36 {[%mdl 2048] Weiss kämpft um Vorteil.} Bd8 {[#]} (22... Bxd5 $1 $11 {hält das Gleichgewicht.} 23. exd5 Rxc1+ 24. Rxc1 Re8) 23. h5 $1 $16 {[%cal Rh5g6] zielt auf hxg6 ab.} Bxd5 {[#]} 24. exd5 ({Besser ist} 24. hxg6 $1 $18 Rxc1+ 25. Kxc1 hxg6 26. exd5) 24... Rxc1+ 25. Kxc1 {Droht stark hxg6.} f4 26. hxg6 hxg6 $2 {[%mdl 8192]} (26... Qc7+ $16 27. Kd1 Qg7 28. gxh7+ Kh8) 27. Bd4 $18 {Beabsichtigt Th8+ und Matt.} Qf5 28. Rh8+ Kf7 29. Rh7+ {Precision: Weiß = 58%, Schwarz = 32%.} 1-0

[Event "33rd ECCC Open 2017"]
[Site "Antalya"]
[Date "2017.10.12"]
[Round "5"]
[White "Sasikiran, Krishnan"]
[Black "Zvjaginsev, Vadim"]
[Result "1/2-1/2"]
[WhiteElo "2677"]
[BlackElo "2643"]
[Annotator "TA"]
[PlyCount "74"]
[EventType "team-tourn"]
[EventCountry "TUR"]
[SourceTitle "playchess.com"]
[Source "ChessBase"]
[SourceQuality "1"]
[WhiteTeam "Novy Bor"]
[BlackTeam "Legacy Square Capital"]

{[%evp 13,74,33,38,23,23,28,25,14,32,24,76,71,82,81,81,74,81,82,85,78,80,77,69,81,71,67,66,66,70,70,62,67,76,0,0,0,77,0,0,-99,-104,-90,-21,-92,-24,-12,-17,-10,0,0,0,0,0,0,0,0,0,0,0,0,60,62,72]} 1. e4 e5 2. Nf3 Nf6 3. Nxe5 d6 4. Nf3 Nxe4 5. Nc3 Nf6 6. d4 Be7 7. Bd3 O-O 8. h3 {C42: Petroff Defence: 3 Nxe5 and unusual White 3rd moves} Re8 9. O-O b6 10. Bg5 $146 {White has an edge.} ({Predecessor:} 10. Re1 Bb7 11. Bf4 a6 12. Ne4 Nbd7 13. Nfd2 Nd5 14. Bh2 f5 {½-½ (43) Vachier Lagrave,M (2715)-Giri,A (2722) Germany 2012}) 10... Bb7 11. Nh4 {[%cal Bf3h4,Bh4f5,Bf5h6,Bh6f7][%mdl 32]} g6 (11... Bf8 $11) 12. f4 $1 $16 Nh5 13. Nf5 Bxg5 14. fxg5 Qxg5 {[%csl Gb7][%cal Rg5g2]} 15. Qg4 f6 16. Bc4+ Kh8 17. Qxg5 fxg5 18. Nh6 Kg7 19. Nf7 Nf6 $1 20. Rxf6 Kxf6 21. Rf1+ Kg7 22. Nxg5 Kh6 23. Nf7+ {[%mdl 1024] White has strong compensation.} Kg7 $1 24. Ng5 {aiming for Rf7+.} Kh6 $1 {[%cal Rh6g5] [#]} 25. Nf7+ (25. Ne6 $1 $16) 25... Kg7 $1 $11 26. Nb5 {[#]} (26. Ng5 $11 Nc6 27. Rf7+ Kh6 28. h4) 26... Re7 $1 $17 27. Nd8 {Threatens to win with Nxc7.} Bc8 (27... d5 $17 28. Bb3 Ba6 29. Nxc7 Bxf1 30. Nde6+ Kh6 31. Bxd5 Na6 32. Nxa8 Bb5) 28. d5 (28. c3 $11 {keeps the balance.}) 28... Na6 (28... Kg8 $17) 29. Nd4 $11 Nc5 {Strongly threatening ...Re4.} 30. N4c6 $1 {[%cal Rc6e7]} Bd7 {...Re4 is the strong threat.} 31. Nxe7 Rxd8 32. Nc6 Bxc6 33. dxc6 {And now Rf7+ would win.} d5 34. Rd1 Na4 35. b4 $1 {[%cal Bb2b4,Bb4b5][%mdl 32]} Nc3 36. Rd3 Rd6 (36... a6 $11) 37. b5 $1 $14 d4 {Precision: White = 80%, Black = 55%.} ({Don't go for} 37... dxc4 $2 38. Rxd6 Kf7 39. Rd7+ Ke8 40. Rxc7 $18) 1/2-1/2

[Event "33rd ECCC Open 2017"]
[Site "Antalya"]
[Date "2017.10.13"]
[Round "5"]
[White "Nisipeanu, Liviu-Dieter"]
[Black "Arnaudov, G  Petar"]
[Result "1-0"]
[WhiteElo "2672"]
[BlackElo "2441"]
[Annotator "TA"]
[PlyCount "77"]
[EventType "team-tourn"]
[EventCountry "TUR"]
[SourceTitle "playchess.com"]
[Source "ChessBase"]
[SourceQuality "1"]
[WhiteTeam "Baia Mare"]
[BlackTeam "Asseco See"]

{[%evp 9,77,2,77,52,62,41,56,36,46,0,0,-15,43,40,64,12,37,28,36,37,48,45,54,52,48,54,49,40,127,115,179,177,178,178,182,170,193,193,233,239,330,328,331,330,312,181,175,222,175,166,170,175,276,277,281,271,296,287,270,268,347,331,431,425,416,411,396,386,488,482]} 1. e4 c6 2. d4 d5 3. e5 c5 4. dxc5 Nc6 5. a3 a5 (5... Nxe5 $11 {remains equal.} 6. Bb5+ Nc6) (5... Nxe5 6. b4 Nf6 7. Bb2 Nc6 8. Nf3 g6 9. Nc3 d4 10. Nb5 e5 11. Qe2 Bg4 12. O-O-O Bh6+ {1-0 (48) Nepomniachtchi,I (2751)-Navara,D (2737) Saint Louis 2017}) 6. Nf3 {B12: Caro-Kann: Advance Variation} Bg4 7. h3 $146 ({Predecessor:} 7. Bb5 e6 8. Be3 Nge7 9. c3 g6 10. Nbd2 Bg7 11. h3 Bxf3 12. Nxf3 O-O {½-½ (40) Konguvel,P (2388)-Goluch,P (2288) Pardubice 2017}) 7... Bxf3 $1 8. Qxf3 {White is slightly better.} e6 9. Nc3 Bxc5 10. Nb5 Qb8 ({Black should try} 10... Qb6 $11) 11. Qc3 $14 Bb6 12. Be3 (12. f4 $14) 12... d4 13. Nxd4 Qxe5 {[%cal Rb6d4]} 14. Bb5 $36 {[%mdl 2048] White has some pressure.} Nge7 {[%cal Rb6d4]} 15. Nxc6 Qxc3+ 16. bxc3 bxc6 17. Bxc6+ Nxc6 18. Bxb6 Rb8 {[#]} (18... Ne5 $14) 19. Rb1 $1 $16 Ne5 (19... f6 $16 {was called for.}) 20. Ke2 $18 Nc4 {[#]} 21. Bxa5 $1 {[%mdl 512]} Kd7 (21... Nxa5 22. Rxb8+) 22. Rhd1+ Kc6 {And now ...Rxb1 would win.} 23. Bb4 e5 24. Rd3 Nxa3 25. Rd6+ Kc7 26. Rbd1 Nxc2 27. Rd7+ (27. Ba5+ $142 Kb7 28. Rd7+ Kc6 29. Rc7+ Kb5 30. Rd5+ Ka4 31. Rxf7) 27... Kc6 {next ...Nd4+ is good for Black.} 28. R1d6+ Kb5 29. Rxf7 Nxb4 30. cxb4 Kxb4 (30... g6 $142 31. Rdd7 Kxb4 32. Rxh7 Rxh7 33. Rxh7 Kc5) 31. Rxg7 {[%mdl 4096] Endgame KRR-KRR} Kc5 32. Rd2 Rb5 33. Rc7+ Kb6 34. Rdc2 Rb4 35. Rc8 Re4+ 36. Kf3 Rf4+ 37. Ke3 Rxc8 38. Rxc8 h5 39. g3 {Precision: White = 74%, Black = 45%.} 1-0

[Event "33rd ECCC Open 2017"]
[Site "Antalya"]
[Date "2017.10.13"]
[Round "5"]
[White "Guseinov, Gadir"]
[Black "Karjakin, Sergey"]
[Result "1/2-1/2"]
[WhiteElo "2647"]
[BlackElo "2765"]
[Annotator "TA"]
[PlyCount "60"]
[EventType "team-tourn"]
[EventCountry "TUR"]
[SourceTitle "playchess.com"]
[Source "ChessBase"]
[SourceQuality "1"]
[WhiteTeam "Odlar Yurdu"]
[BlackTeam "Globus"]

{[%evp 28,60,9,8,10,6,6,6,4,4,7,0,0,0,0,0,0,0,0,0,0,0,0,0,0,0,0,0,0,0,0,0,0,0,0]} 1. e4 e5 2. Nf3 Nc6 3. Bb5 Nf6 4. O-O Nxe4 5. Re1 Nd6 6. Nxe5 Be7 7. Bf1 Nxe5 8. Rxe5 O-O 9. d4 Bf6 10. Re1 Re8 {C67: Ruy Lopez: Berlin Defence: 4 0-0 Nxe4} (10... Nf5 11. d5 d6 12. Nd2 Re8 13. Ne4 Bd7 14. c3 h6 15. Bd3 Nh4 16. g3 Ng6 17. f4 c6 18. Be3 {½-½ (70) Anand,V (2786)-Kramnik,V (2808) Leuven 2017}) 11. Bf4 Rxe1 12. Qxe1 Ne8 13. c3 d5 14. Bd3 {[#]} g6 $146 ({Predecessor:} 14... c6 15. Nd2 g6 16. Nf3 Ng7 17. Qe2 Bf5 18. Bxf5 Nxf5 {½-½ (31) Quesada Perez,Y (2630)-Bruzon Batista,L (2652) Saint Louis 2017}) 15. Nd2 {[%cal Bb1d2,Bd2f3,Bf3e5][%mdl 32] LiveBook: 35 Games. The position is equal.} Ng7 16. Qe2 c6 17. Re1 Bf5 18. Bxf5 Nxf5 19. Nf3 Ng7 20. Be5 Bxe5 21. Nxe5 Qd6 22. Qf3 f6 23. Nd3 Re8 24. Rxe8+ Nxe8 25. Qe3 Kf7 26. Qh6 Kg8 27. Qe3 Kf7 28. Qh6 Kg8 29. Qe3 Kf7 30. Qh6 Kg8 {Precision: White = 77%, Black = 100%.} 1/2-1/2

[Event "33rd ECCC Open 2017"]
[Site "Antalya"]
[Date "2017.10.12"]
[Round "5"]
[White "Grachev, Boris"]
[Black "Ragger, Markus"]
[Result "1/2-1/2"]
[WhiteElo "2645"]
[BlackElo "2659"]
[Annotator "TA"]
[PlyCount "67"]
[EventType "team-tourn"]
[EventCountry "TUR"]
[SourceTitle "playchess.com"]
[Source "ChessBase"]
[SourceQuality "1"]
[WhiteTeam "Legacy Square Capital"]
[BlackTeam "Novy Bor"]

{[%evp 20,67,0,0,10,-1,0,-12,-16,-16,17,23,29,-9,7,10,1,0,0,0,0,-7,-1,-7,0,-6,-8,-3,0,-9,-8,-16,-11,-15,0,0,0,-23,0,0,0,0,0,0,0,0,0,0,0,0]} 1. d4 Nf6 2. c4 g6 3. Nc3 d5 4. cxd5 Nxd5 5. e4 Nxc3 6. bxc3 Bg7 7. Nf3 c5 8. h3 O-O 9. Be3 {D85: Exchange Grünfeld: Unusual White 7th moves and lines with 7 Nf3} Qa5 10. Bd2 e6 (10... Nc6 11. Be2 Qd8 12. d5 Ne5 13. Nxe5 Bxe5 14. O-O f5 15. f4 Bg7 16. Bc4 fxe4 {½-½ (31) Grachev,B (2654)-Vachier Lagrave,M (2804) Tbilisi 2017}) 11. Be2 {LiveBook: 3 Games} Qc7 12. O-O b6 13. Rc1 Bb7 14. Bd3 Nd7 15. Qe2 Rac8 {[#]} 16. Ba6 $146 ({Predecessor:} 16. h4 Nf6 {½-½ (32) Sadorra,J (2525)-Bykhovsky,A (2532) Herndon 2012}) 16... Nb8 17. Bxb7 Qxb7 18. Bf4 Nd7 19. Rfe1 Rfe8 20. Qe3 cxd4 21. cxd4 e5 22. dxe5 Nxe5 23. Nxe5 Bxe5 24. Bxe5 Rxe5 25. f3 Rec5 26. Rxc5 bxc5 $11 {[%mdl 4096] Endgame KQR-KQR} 27. Qc3 c4 28. Rd1 Qb6+ 29. Kh2 {The position is equal.} Qc7+ 30. e5 Qe7 31. f4 Qe6 32. Rd6 Qf5 33. Rd4 h5 34. Rxc4 {Precision: White = 37%, Black = 68%.} 1/2-1/2

[Event "33rd ECCC Open 2017"]
[Site "Antalya"]
[Date "2017.10.12"]
[Round "5"]
[White "Efimenko, Zahar"]
[Black "Lodici, Lorenzo"]
[Result "1-0"]
[WhiteElo "2636"]
[BlackElo "2407"]
[Annotator "TA"]
[PlyCount "103"]
[EventType "team-tourn"]
[EventCountry "TUR"]
[SourceTitle "playchess.com"]
[Source "ChessBase"]
[SourceQuality "1"]
[WhiteTeam "Beer Sheva"]
[BlackTeam "Augusta Perusia"]

{[%evp 29,103,13,20,23,26,16,20,19,24,12,12,14,14,0,12,5,21,12,63,71,85,85,85,85,85,85,85,85,85,85,85,85,91,26,33,0,0,0,8,8,143,143,143,143,143,143,143,143,143,143,143,143,143,143,143,143,143,140,446,446,446,446,446,446,446,445,446,439,446,439,439,439,606,439,439,439]} 1. e4 e5 2. Nf3 Nc6 3. Bb5 a6 4. Ba4 Nf6 5. O-O Nxe4 6. d4 b5 7. Bb3 d5 8. dxe5 Be6 9. Nbd2 Nc5 10. c3 Be7 11. Bc2 d4 12. cxd4 Nxd4 13. Nxd4 Qxd4 14. Nf3 {C83: Open Ruy Lopez: 9 c3 Be7} Qxd1 15. Rxd1 O-O {LiveBook: 45 Games} 16. Bg5 {The position is equal.} (16. Be3 Rfd8 17. Rdc1 h6 18. Nd4 Bd5 19. f4 Ne6 20. Nxe6 fxe6 21. Bg6 Rac8 {½-½ (54) So,W (2775)-Ding,L (2778) Shanghai 2016}) 16... Bxg5 17. Nxg5 h6 18. Nxe6 Nxe6 19. g3 $146 ({Predecessor:} 19. Bf5 Rad8 20. Bxe6 fxe6 21. g3 Kf7 {0-1 (51) Gheng,S (2057)-Winterholler,C (2044) chess24.com 2015}) 19... Rad8 20. Kg2 g5 21. Rac1 Rfe8 22. b4 Rd4 23. a3 Rxd1 (23... Kf8 $11) 24. Bxd1 $11 {[%mdl 4096] Endgame KRB-KRN} Rd8 25. Bg4 Rd3 {[#]} 26. Bxe6 $1 fxe6 27. Rxc7 Rxa3 $16 {KR-KR} 28. Re7 a5 29. bxa5 ({Of course not} 29. Rxe6 $6 axb4 30. Rb6 (30. Rxh6 $2 b3 $19) 30... Ra5 $11) 29... Rxa5 30. Rxe6 b4 31. Rxh6 (31. Rb6 $16) 31... Rb5 $1 $11 {[#] aiming for ...b3.} 32. Rd6 (32. Rf6 {seems wilder.} Kg7 33. Rf3 b3 34. e6 b2 35. e7) 32... b3 {Threatens to win with ...b2.} 33. Rd1 b2 34. Rb1 g4 (34... Rb3 $1 $11) 35. f3 $16 gxf3+ 36. Kxf3 Kf7 37. Ke4 Ke6 38. Kd4 Kf5 39. Kc3 Rxe5 40. Rxb2 Kg4 41. Rb4+ Kf3 42. Rf4+ Kg2 43. Rh4 Rd5 $2 {[%mdl 8192]} (43... Kf3 $16 44. Kb4 Rg5) 44. g4 $18 {White is clearly winning.} Kf3 45. Rh5 Rd1 46. h3 Kf4 47. Kc4 Rd2 48. Kc5 Rd1 49. Rd5 Rh1 50. Rf5+ Ke4 51. Rh5 Rd1 52. h4 {Precision: White = 77%, Black = 56%.} 1-0

[Event "33rd ECCC Open 2017"]
[Site "Antalya"]
[Date "2017.10.13"]
[Round "5"]
[White "Hammer, Jon Ludvig"]
[Black "Tari, Aryan"]
[Result "0-1"]
[WhiteElo "2632"]
[BlackElo "2578"]
[Annotator "TA"]
[PlyCount "200"]
[EventType "team-tourn"]
[EventCountry "TUR"]
[SourceTitle "playchess.com"]
[Source "ChessBase"]
[SourceQuality "1"]
[WhiteTeam "Oslo"]
[BlackTeam "Valerenga"]

{[%evp 15,200,12,10,3,0,0,0,-18,-19,-73,-75,-141,-50,-36,-49,-36,-58,-35,-36,-114,-77,-81,-32,-158,-158,-158,-158,-158,-158,-158,-171,-199,-199,-199,-199,-199,-199,-199,-190,-195,-177,-176,-176,-176,-176,-177,-177,-194,-177,-184,-169,-184,-184,-195,-195,-195,-195,-195,-195,-195,-195,-202,-195,-195,-195,-195,-195,-195,0,-187,0,-199,-195,-195,-195,-195,-195,-195,-195,-195,-195,-213,-169,-169,-169,-243,-169,-243,-169,-243,-169,-243,-169,-243,-169,-243,-243,-243,-177,-243,-177,-243,-243,-243,-243,-243,-243,-243,-243,-243,-243,-243,-243,-243,-243,-243,0,-243,-243,-243,-243,-243,-243,-243,-243,-243,-243,-243,-243,-243,-243,-243,-243,-243,-243,-243,-243,-243,-243,-243,-243,-243,-243,-243,-243,-243,-243,-243,-243,-243,-243,-243,-243,-243,-243,-243,-243,-243,-210,-210,-187,-243,-243,-229,-227,-243,-222,-243,-243,-243,-243,-243,-243,-243,-243,-243,-243,-243,-243,-1664,-1175,-726,-437,-29984,-29985,-29985,-29986]} 1. e4 c5 2. Nf3 d6 3. Bb5+ Nd7 4. d4 cxd4 5. Qxd4 a6 6. Be2 {B51: Sicilian: Moscow Variation (3 Bb5+) without 3...Bd7} (6. Bxd7+ Bxd7 7. Nc3 e5 8. Qd3 h6 9. Nd2 Be6 10. Nc4 Rc8 11. Ne3 Nf6 12. O-O Be7 13. Rd1 O-O 14. Bd2 Rc5 15. a4 Qc8 {½-½ (31) Anand,V (2783)-Kasparov,G (2812) Saint Louis 2017}) 6... Ngf6 7. O-O e5 8. Qe3 Nc5 {LiveBook: 6 Games} 9. Nfd2 Be7 10. c4 O-O 11. h3 $146 ({Predecessor:} 11. Nc3 Bd7 12. Nb3 Na4 13. Nxa4 Bxa4 {½-½ (69) Plenca,J (2389)-Kelires,A (2483) Prague 2016}) 11... b5 12. cxb5 (12. Rd1 $11) 12... d5 $17 13. b4 (13. bxa6 $142 d4 14. Qf3) 13... Ncxe4 (13... Ne6 $1 $17 14. Nf3 axb5 15. Bxb5 Nxe4) 14. Nxe4 $15 Nxe4 15. Nc3 Nxc3 16. Qxc3 d4 17. Qg3 (17. Qc2 $15) 17... Bxb4 18. Qxe5 axb5 19. Bb2 ({Better is} 19. Bxb5 $15 Bc3 20. Rb1) 19... Re8 $17 20. Qxb5 {[#]} Bc3 $1 $36 {[%mdl 2048] Black is on the roll.} 21. Bxc3 {[#]} Ba6 $1 {[%cal Ra6b5]} ({Reject} 21... dxc3 $6 22. Rfd1 $15) 22. Qc5 {Threatens to win with Bxa6.} Bxe2 23. Bxd4 Bxf1 24. Rxf1 Rxa2 25. Qc3 Qg5 26. Rd1 Rae2 27. Rd3 {Rg3 is the strong threat.} Re1+ 28. Kh2 {Hoping for Rg3.} Qc1 29. Qxc1 Rxc1 $19 {[%mdl 4096] Endgame KRR-KRB} 30. Rg3 g6 31. Rb3 Rd1 32. Be3 Kg7 33. Rb7 Red8 34. h4 R8d7 35. Rb4 h5 36. g3 f6 37. Kg2 Kf7 38. Ra4 R1d5 39. Rb4 Ke6 40. Re4+ Re5 41. Rb4 Red5 42. Re4+ $1 Kf7 $2 (42... Kf5 $19 43. Rb4 Rc7) 43. Ra4 $2 (43. Rb4 $11 {and White has nothing to worry.} Rd3 44. Kf3) 43... R7d6 44. Rb4 Re6 45. Rb7+ Re7 46. Rb4 Rde5 47. Kf3 Ra5 48. Rc4 g5 49. hxg5 fxg5 50. Rb4 (50. g4 $142) 50... Re6 51. Rc4 (51. g4 $142) 51... Kg6 52. Rb4 (52. g4 $142) 52... Rd6 53. Rc4 (53. g4 $142) 53... Rb5 54. Kg2 (54. g4 $142) 54... Re6 55. Kf3 (55. g4 $142) 55... Rf6+ 56. Kg2 Ra6 57. Kf3 (57. g4 {was called for.}) 57... Re5 58. Rb4 (58. g4 {was worth a try.}) 58... g4+ 59. Kg2 Ra2 60. Rb3 Rd5 61. Rc3 Rd1 62. Rc1 Rd3 {White must now prevent ...Rxe3.} 63. Re1 Kf5 64. Bb6 Rb2 65. Ba7 Ra2 66. Bb6 $1 Ra6 67. Bc5 Rd5 68. Rh1 Kg6 69. Be3 Re5 70. Rc1 Rb5 71. Rc5 Rb1 72. Rc1 Rb3 73. Re1 Re6 74. Rc1 Re5 75. Bd4 Re4 76. Be3 Rb2 {And now ...Rxe3 would win.} 77. Ba7 Kf7 78. Rd1 Ke6 79. Bd4 Rc2 80. Bb6 Rb4 81. Be3 Rb5 82. Rc1 Ra2 83. Rd1 Ke5 84. Bf4+ Ke4 85. Be3 Ra4 86. Bh6 Rf5 87. Be3 Rf3 88. Bb6 (88. Rd2 {is a better defense.}) 88... Rb3 89. Bc5 Ra5 90. Be7 Rf3 91. Bd8 Rb5 92. Be7 Rbf5 93. Rd2 Rb3 94. Rd1 Rb2 95. Rf1 Kd3 96. Ba3 Rb3 97. Bc1 $2 (97. Re1) 97... Ke2 {Strongly threatening ...Rb1.} 98. Bf4 Rf3 99. Kg1 (99. Ra1 $19 Rxf2+ 100. Kg1) 99... R5xf4 100. gxf4 g3 {Precision: White = 37%, Black = 66%.} 0-1